000 00605nam a2200181Ia 4500
008 100921s9999 xx 000 0 und d
082 _b16559
_a820 थ 77
100 _a---
245 _aCareers In Commercial And Secretarial Practices.
260 _bगव्हरमेंट ऑफ इंडिया.
_c1977
300 _a54
_b---
365 _b1.5
520 _aललित इंग्रजी.
630 _aCareers In Commercial And Secretarial Practices.
650 _aललित इंग्रजी.
730 _aCareers In Commercial And Secretarial Practices.
942 _cBOOK
999 _c765672
_d765669